| 000 | 00361nam a2200133Ia 4500 | ||
|---|---|---|---|
| 008 | 220803s9999 xx 000 0 und d | ||
| 020 | _a8123907435 | ||
| 041 | _aeng | ||
| 082 | _a720.030J AI | ||
| 100 |
_aJain S Pub. _930144 |
||
| 245 | _aWebster's Pocket Medical First Aid Dictionary .-8123907435 | ||
| 260 |
_aNew Delhi _bCBS Publisher _c2001 |
||
| 300 | _a318p | ||
| 999 |
_c18975 _d18975 |
||